Birtokvétel
Oborínski gazdovia kúpili 621 jutár lesov z panstva grófa Széchényiho. Roľníci z Oreského kúpili 100 jutár lúk od Ignáca Grosza a spol.
| Médium: | Článok |
|---|---|
| Jazyk: | Hungarian |
| Témy: | |
| Zdroj: |
1. Felső-Zemplén : Társadalmi hetilap 1. Roč. 10, č. 42 (19.10.1905) s. 2 |
| LEADER | 00899nab#a2200313#ar4500 | ||
|---|---|---|---|
| 001 | 000076952 | ||
| 003 | SVKKK | ||
| 005 | 20080617064630.0 | ||
| 008 | 080512d1905 xo |||||||||||||||b|hun | ||
| FMT | |||
| 038 | |a SVKKK | ||
| 040 | |a SVKKK |b slo |e AACR2 | ||
| 041 | 0 | |a hun | |
| 044 | |a xo |c SK | ||
| 080 | |a 330.12 |2 1997 | ||
| 242 | 1 | 0 | |a Kúpa statku |y slo |
| 245 | 1 | 0 | |a Birtokvétel |
| 520 | 2 | |a Oborínski gazdovia kúpili 621 jutár lesov z panstva grófa Széchényiho. Roľníci z Oreského kúpili 100 jutár lúk od Ignáca Grosza a spol. | |
| 650 | 0 | 4 | |a parcelácia veľkostatku Széchényi |z Oborín (Slovensko) |z Oreské (Slovensko) |y 1905 |
| 665 | 4 | |a hungariká | |
| 773 | 0 | |t Felső-Zemplén : Társadalmi hetilap |g Roč. 10, č. 42 (19.10.1905) s. 2 | |
| 957 | |a Oborín | ||
| 957 | |a Oreské | ||
| 958 | |a DG | ||
| 958 | |a HU | ||
| 974 | |a Ba | ||
| 992 | |a RBX | ||
| BAS | |||
| 998 | |a RETRO | ||